RAGGUAGLIO LIBRARIO 1933 (Record n. 259335)

Dettagli MARC
000 -LEADER
fixed length control field 01172nam a2200229Ia 4500
001 - CONTROL NUMBER
control field L010-98
003 - CONTROL NUMBER IDENTIFIER
control field IT-CnALBA
005 - DATE AND TIME OF LATEST TRANSACTION
control field 20170116192108.0
008 - FIXED-LENGTH DATA ELEMENTS--GENERAL INFORMATION
fixed length control field 170116s9999||||xx |||||||||||||| ||und||
040 ## - CATALOGING SOURCE
Original cataloging agency IT-CnALBA
Transcribing agency IT-CnALBA
041 ## - LANGUAGE CODE
Language code of text/sound track or separate title ITALIANO
999 ## - SYSTEM CONTROL NUMBERS (KOHA)
Koha Dewey Subclass [OBSOLETE] SI
100 ## - MAIN ENTRY--PERSONAL NAME
Personal name AA. VV.
9 (RLIN) 794
245 #0 - TITLE STATEMENT
Title RAGGUAGLIO LIBRARIO 1933
250 ## - EDITION STATEMENT
Edition statement 1a ed.
260 ## - PUBLICATION, DISTRIBUTION, ETC. (IMPRINT)
Name of publisher, distributor, etc. EDIZIONI RAGGUAGLIO'
Date of publication, distribution, etc. 1933 [1° Ed.:1933 - Ed.Ling.Originale: 1933]
300 ## - PHYSICAL DESCRIPTION
Extent 281 p.
500 ## - GENERAL NOTE
General note INDIRIZZI DI SCRITTORI CATTOLICI LA STAMPA CATTOLICA INDICE DEI GIORNALI CATTOLICI, ELENCO SCRITTORI CATTOLICI DEL 1933. ATTIVITÀ DI CASE EDITRICI. ATTIVITÀ UNIVERSITÀ CATTOLICA NEL 1933. AUTORI DEL DOCUMENTO IN ORDINE ALFABETICO. ATTIVITÀ CULTURALE E LET
501 ## - WITH NOTE
With note Società San Paolo EM - Piazza San Paolo, 14 - 12051 ALBA (CN) (non commercial uses only) ® Copyright 2017
520 ## - SUMMARY, ETC.
Summary, etc. INDIRIZZI DI SCRITTORI CATTOLICI LA STAMPA CATTOLICA INDICE DEI GIORNALI CATTOLICI, ELENCO SCRITTORI CATTOLICI DEL 1933. ATTIVITÀ DI CASE EDITRICI. ATTIVITÀ UNIVERSITÀ CATTOLICA NEL 1933. AUTORI DEL DOCUMENTO IN ORDINE ALFABETICO. ATTIVITÀ CULTURALE E LET
650 ## - SUBJECT ADDED ENTRY--TOPICAL TERM
Topical term or geographic name as entry element BIBLIOGRAFIE E CATALOGHI
9 (RLIN) 56134
942 ## - ADDED ENTRY ELEMENTS (KOHA)
Koha item type LIBRO
Source of classification or shelving scheme Dewey Decimal Classification
Dati di copia
Withdrawn status Lost status Damaged status Not for loan Home library Current library Date acquired Total Checkouts Full call number Date last seen Price effective from Koha item type Public note
    Buone Condizioni Not For Loan ALBA - Biblioteca ALBA - Biblioteca 16/01/2017   L010-98 16/01/2017 16/01/2017 LIBRO (data import: 16 gennaio 2017) - By Epidotti, Vaglietti.
CREDITS: SOCIETA' SAN PAOLO Via A.Severo, 58 - ROMA (RM) & PERIODICI SAN PAOLO SRL Via Giotto, 36 MILANO & CISF Via Giotto, 36 MILANO & EDIZIONI SAN PAOLO SRL,  Piazza Soncino, 5 CINISELLO BALSAMO (MI) -- ITALY